[Event "XVIII Festival Magistrale"]
[Site "Madonna di Campiglio - Pinzolo ITA"]
[Date "1992.12.??"]
[Round "?"]
[White "Zelcic, Robert"]
[Black "Patavia, Antonio"]
[WhiteElo "2390"]
[BlackElo "1968"]
[Result "0-1"]
[PlyCount "86"]
[EventDate "1992.07.12"]

1. c4 g6 2. Nc3 Bg7 3. g3 c5 4. Bg2 e6 5. Nf3 Nc6 6. O-O Nge7 7. e3 O-O 8. d4
d6 9. Re1 b6 10. d5 Na5 11. dxe6 fxe6 12. h4 Bb7 13. Ng5 Bxg2 14. Kxg2 Qd7 15.
Qg4 Nf5 16. e4 Nd4 17. h5 h6 18. hxg6 hxg5 19. Rh1 Nf3 20. Rh7 Nxc4 21. Bxg5
Nce5 22. Qh5 Nxg5 23. Qxg5 Qe8 24. Rah1 Qxg6 25. Qh4 Qf6 26. Rh8+ Kf7 27. Qh5+
Ke7 28. Rxf8 Rxf8 29. f4 Nd3 30. Qf3 Nxf4+ 31. gxf4 Qxf4 32. Qxf4 Rxf4 33. Rh7
Rf7 34. Nb5 a6 35. Nc7 Bxb2 36. Rxf7+ Kxf7 37. Nxa6 d5 38. exd5 Be5 39. a4 Bd6
40. dxe6+ Kxe6 41. Kf3 Kd5 42. Ke3 Kc6 43. Kd3 Kb7 0-1